000 00327nam a2200121Ia 4500
008 230907s9999||||xx |||||||||||||| ||und||
082 _a891.4393
_bRAZ
245 0 _aمیں کون ہوں , Main kon hoon /
260 _aSang-e-Meel Publications,
_bLahore :
_c2013
300 _a528 p.
650 _aUrdu Literature
942 _cBK
999 _c599738
_d599738